• 首页
  • 本馆介绍
  • 公告通知
  • 最新文献
  • 馆藏检索
  • 电子资源
  • 读者导购
  • 参考咨询
  • 我的图书馆
  • 登录
  • 详细信息显示
  • 放入我的书架
  • 预约/预借图书
  • 作者相关作品
  • 分类相关作品
  • 丛书相关作品
  • 出版社相关作品

书目信息

  • 表格格式
  • 工作单格式
  • 卡片格式
题名:
包装设计
    
 
作者: 龙兆曙 编著
分册:  
出版信息: 北京   高等教育出版社  2008
页数: 104页
开本: 26cm
丛书名:
单 册:
中图分类: J524.2
科图分类:
主题词: 包装--设计--教材 , 包装
电子资源:
ISBN: 978-7-04-021406-2
000 00881nam0 2200265 45
005 20100303152423.01
010    @a978-7-04-021406-2@dCNY31.00
100    @a20100121e20092008em y0chiy0110 ea
101 0  @achi
102    @aCN@b110000
105    @aa z 000yy
106    @ar
200 1  @a包装设计@ABao Zhuang She Ji@dPacking design@f龙兆曙编著@FLong Zhao Shu Bian Zhu@zeng
210    @a北京@c高等教育出版社@d2008@h2009
215    @a104页@c彩图@d26cm@e附光盘1片
300    @aArt Sesign新思维设计系列教材
307    @a附光盘:ISBN 978-7-89489-809-8
330    @a本书以创新设计定位思想贯穿全篇,涉及产品命名、标志设计、外观造型、包装作业、公共传播等。
510 1  @aPacking design@zeng
606 0  @a包装@x设计@j教材
606 0  @a包装
690    @aJ524.2@v4
701  0 @a龙兆曙@ALong Zhao Shu@4编著
801  0 @aCN@bTANGWEI@c20100303
905    @b0584843-47@dJ524.2@e295@f5
    
    包装设计=Packing design/龙兆曙编著.-北京:高等教育出版社,2008(2009)
    104页:彩图;26cm+附光盘1片
    Art Sesign新思维设计系列教材
    
    ISBN 978-7-04-021406-2:CNY31.00
    本书以创新设计定位思想贯穿全篇,涉及产品命名、标志设计、外观造型、包装作业、公共传播等。
●
相关链接 在E读中查询图书 在五车中查询图书 在当当中查询图书 在豆瓣中查询图书


正题名:包装设计     索取号:J524.2/295         预约/预借

序号 登录号 条形码 馆藏地/架位号 状态 备注
1 0584843   205848430   第一样本阅览室/ [索取号:J524.2/295] 在馆    
2 0584844   205848449   第一借阅区/ [索取号:J524.2/295] 在馆    
3 0584845   205848458   第一借阅区/ [索取号:J524.2/295] 在馆    
4 0584846   205848467   第一借阅区/ [索取号:J524.2/295] 在馆    
5 0584847   205848476   密集书库-海洋学院/ [索取号:J524.2/295] 在馆    
唐山师范学院图书馆 欢迎您!
大连网信软件有限公司© 版权所有